[Event "NATO-ch 22nd"]
[Site "Kaunas"]
[Date "2011.08.11"]
[Round "6.28"]
[White "Mottais, Francois"]
[Black "Kruit, Erik"]
[Result "1-0"]
[WhiteElo "2065"]
[BlackElo "1914"]
[PlyCount "41"]
[EventDate "2011.08.??"]
[EventType "swiss"]
[EventRounds "7"]
[EventCountry "LTU"]
[WhiteTeam "FRA"]
[BlackTeam "NED"]

1. d4 Nf6 2. c4 e5 3. dxe5 Ne4 4. Qd3 Nc5 5. Qg3 Ne4 6. Qd3 Bb4+ 7. Nc3 Nc5 8.
Qg3 Ne6 9. f4 f5 10. e4 g6 11. exf5 gxf5 12. Bd3 Rf8 13. Nf3 Nc5 14. Bc2 a5 15.
O-O Ra6 16. Nd5 Rg6 17. Qh3 Ne4 18. Bxe4 fxe4 19. Ng5 d6 20. Qxh7 Bf5 21. Nxc7+
1-0

[Event "NATO-ch 22nd"]
[Site "Kaunas"]
[Date "2011.08.11"]
[Round "6.29"]
[White "Fissel, Daniel"]
[Black "Ledoux, Jean Luc"]
[Result "0-1"]
[WhiteElo "1534"]
[BlackElo "2074"]
[PlyCount "58"]
[EventDate "2011.08.??"]
[EventType "swiss"]
[EventRounds "7"]
[EventCountry "LTU"]
[WhiteTeam "USA"]
[BlackTeam "FRA"]

1. e4 c6 2. d4 d5 3. e5 Bf5 4. g4 Be4 5. Nf3 e6 6. Bd3 Bxd3 7. Qxd3 c5 8. Qb5+
Qd7 9. Qxd7+ Kxd7 10. c3 Nc6 11. Be3 c4 12. O-O h5 13. h3 Nh6 14. Bxh6 hxg4 15.
hxg4 Rxh6 16. Kg2 Be7 17. Nbd2 Rah8 18. Rh1 Rxh1 19. Rxh1 Rxh1 20. Kxh1 b5 21.
a3 a5 22. Kg2 b4 23. axb4 axb4 24. Nb1 Na7 25. Nbd2 Nc8 26. Nf1 Nb6 27. Ne3 Na4
28. Nd1 Nxb2 29. Nxb2 bxc3 0-1

[Event "NATO-ch 22nd"]
[Site "Kaunas"]
[Date "2011.08.11"]
[Round "6.30"]
[White "Almonti, Alessandro"]
[Black "Lukjanovas, Vladas"]
[Result "1-0"]
[WhiteElo "2022"]
[BlackElo "1893"]
[PlyCount "91"]
[EventDate "2011.08.??"]
[EventType "swiss"]
[EventRounds "7"]
[EventCountry "LTU"]
[WhiteTeam "ITA"]
[BlackTeam "LTU"]

1. c4 Nf6 2. g3 g6 3. Bg2 Bg7 4. Nc3 O-O 5. e4 e5 6. Nge2 c5 7. d3 d6 8. O-O
Nh5 9. Rb1 Nc6 10. a3 a5 11. Nd5 Be6 12. Nec3 Nd4 13. b4 axb4 14. axb4 b6 15.
Be3 Nf6 16. Nxf6+ Bxf6 17. Bxd4 exd4 18. Ne2 Bg5 19. h3 h5 20. f4 Bh6 21. Kh2
Ra2 22. Nc1 Ra7 23. Rf2 Qc8 24. bxc5 bxc5 25. Rb6 Qc7 26. Rfb2 h4 27. Qf3 hxg3+
28. Kxg3 Qe7 29. Ne2 Ra3 30. Kh2 Bxc4 31. Qg4 Bxd3 32. Ng3 Ba6 33. Nf5 Bxf4+
34. Qxf4 gxf5 35. Rxd6 f6 36. Rbb6 Bd3 37. exf5 Ra2 38. Qg4+ Qg7 39. Kg3 Bxf5
40. Bd5+ Kh8 41. Qxg7+ Kxg7 42. Bxa2 Ra8 43. Rxf6 Bc2 44. Bd5 Rd8 45. Rf7+ Kh8
46. Rh6+ 1-0

[Event "NATO-ch 22nd"]
[Site "Kaunas"]
[Date "2011.08.11"]
[Round "6.31"]
[White "Nielsen, Henrik"]
[Black "Giedraitis, Mingaudas"]
[Result "1-0"]
[WhiteElo "2019"]
[BlackElo "1800"]
[PlyCount "69"]
[EventDate "2011.08.??"]
[EventType "swiss"]
[EventRounds "7"]
[EventCountry "LTU"]
[WhiteTeam "DEN"]
[BlackTeam "NATO"]

1. d4 Nf6 2. Nf3 e6 3. Bf4 b6 4. Nbd2 Bb7 5. e3 d5 6. Ne5 c6 7. Bd3 Be7 8. h3
Nbd7 9. Ndf3 Ne4 10. O-O O-O 11. c3 c5 12. Qa4 Nxe5 13. Nxe5 Nf6 14. Rad1 c4
15. Bb1 a6 16. Qc2 g6 17. f3 Nh5 18. Bh2 Ng7 19. Ng4 f5 20. Ne5 Qe8 21. Qe2 Bd6
22. Rde1 b5 23. e4 Bxe5 24. Bxe5 fxe4 25. fxe4 Rxf1+ 26. Rxf1 Qd7 27. Qf3 Re8
28. g4 Qe7 29. Bf6 Qf7 30. e5 Rf8 31. h4 Bc6 32. Qf4 h5 33. Qh6 Be8 34. gxh5
Nxh5 35. Qh8# 1-0

[Event "NATO-ch 22nd"]
[Site "Kaunas"]
[Date "2011.08.11"]
[Round "6.32"]
[White "Lustig, Mickael"]
[Black "Bellemare, Regis"]
[Result "1-0"]
[WhiteElo "2019"]
[BlackElo "1736"]
[PlyCount "63"]
[EventDate "2011.08.??"]
[EventType "swiss"]
[EventRounds "7"]
[EventCountry "LTU"]
[WhiteTeam "NATO"]
[BlackTeam "CAN"]

1. e4 c5 2. Ne2 Nc6 3. Nbc3 Nf6 4. g3 d5 5. exd5 Nxd5 6. Bg2 e6 7. O-O b6 8. d4
c4 9. Nf4 Qf6 10. Nfxd5 exd5 11. Nxd5 Qd6 12. Bf4 Qg6 13. Nc7+ Kd8 14. Nxa8 Bd6
15. Bxc6 Bxf4 16. Qf3 Bb8 17. Rfe1 h5 18. Qe4 Qxe4 19. Rxe4 f5 20. Re2 Bd6 21.
Rae1 Bd7 22. d5 g5 23. c3 f4 24. Re4 fxg3 25. fxg3 Rf8 26. Rf1 Bc5+ 27. Kg2
Bh3+ 28. Kxh3 g4+ 29. Kh4 Be7+ 30. Rxe7 Kxe7 31. Rxf8 Kxf8 32. Kxh5 1-0

[Event "NATO-ch 22nd"]
[Site "Kaunas"]
[Date "2011.08.11"]
[Round "6.33"]
[White "Vinoya, Mario"]
[Black "Geerts, Luc"]
[Result "1-0"]
[WhiteElo "1953"]
[BlackElo "1515"]
[PlyCount "69"]
[EventDate "2011.08.??"]
[EventType "swiss"]
[EventRounds "7"]
[EventCountry "LTU"]
[WhiteTeam "USA"]
[BlackTeam "BEL"]

1. d4 d5 2. c4 c6 3. Nc3 Nf6 4. Nf3 Nbd7 5. h3 dxc4 6. a4 e6 7. e3 Nb6 8. Ne5
Bb4 9. Bxc4 Nbd5 10. Qb3 a5 11. O-O O-O 12. Rd1 Qc7 13. Bd3 Bd6 14. Nc4 Nxc3
15. bxc3 Nd5 16. Nxd6 Qxd6 17. Ba3 Qc7 18. Bxf8 Kxf8 19. Rab1 e5 20. Bc4 Nxe3
21. fxe3 e4 22. Qb6 Qd6 23. Qc5 Ke7 24. Qg5+ Qf6 25. Qxf6+ gxf6 26. Rf1 f5 27.
g4 Kf6 28. gxf5 h5 29. h4 Rb8 30. Be2 Bd7 31. c4 Bxf5 32. Rf4 Ke6 33. Bxh5 f6
34. Rbf1 Rg8+ 35. Kh2 1-0

[Event "NATO-ch 22nd"]
[Site "Kaunas"]
[Date "2011.08.11"]
[Round "6.34"]
[White "Ross, David C"]
[Black "Troina, Giuseppe"]
[Result "1-0"]
[WhiteElo "1925"]
[BlackElo "1200"]
[PlyCount "73"]
[EventDate "2011.08.??"]
[EventType "swiss"]
[EventRounds "7"]
[EventCountry "LTU"]
[WhiteTeam "NATO"]
[BlackTeam "ITA"]

1. e4 e5 2. Nf3 Nc6 3. Bb5 Bd6 4. O-O a6 5. Ba4 b5 6. Bb3 Nf6 7. Re1 O-O 8. d4
Bb7 9. Bg5 Re8 10. c3 Na5 11. Nbd2 Nxb3 12. Qxb3 c5 13. Rad1 Qc7 14. Bxf6 gxf6
15. d5 c4 16. Qc2 Bf8 17. Nh4 Bh6 18. Nf5 Bg5 19. Nf1 d6 20. Qe2 Bc8 21. N1g3
h6 22. Qg4 Kh7 23. h4 Rg8 24. hxg5 Rxg5 25. Qh4 Bxf5 26. Nxf5 Rg6 27. Re3 Rag8
28. Rg3 Qd8 29. Rxg6 Rxg6 30. g3 Qf8 31. Qh5 Rg5 32. Qf3 h5 33. Kg2 Rg4 34. Rh1
Kg6 35. Nh4+ Kh6 36. Qxf6+ Kh7 37. Nf5 1-0

[Event "NATO-ch 22nd"]
[Site "Kaunas"]
[Date "2011.08.11"]
[Round "6.35"]
[White "Krainski, Slawomir"]
[Black "Van den Heuvel, Tonnie"]
[Result "1-0"]
[WhiteElo "2099"]
[BlackElo "1934"]
[PlyCount "45"]
[EventDate "2011.08.??"]
[EventType "swiss"]
[EventRounds "7"]
[EventCountry "LTU"]
[WhiteTeam "POL"]
[BlackTeam "NED"]

1. e4 c5 2. c3 d5 3. exd5 Qxd5 4. d4 g6 5. Nf3 Bg7 6. Na3 a6 7. Bc4 Qd6 8. dxc5
Qxc5 9. Qb3 e6 10. Be3 Qc7 11. Bb6 Qe7 12. O-O-O Bd7 13. Bc7 b5 14. Bd6 Qd8 15.
Be2 Nc6 16. Nc2 Qb6 17. Nb4 Nge7 18. Nxc6 Nxc6 19. Rhf1 Na5 20. Qb4 Nb7 21. Be5
a5 22. Qf4 Bxe5 23. Nxe5 1-0

[Event "NATO-ch 22nd"]
[Site "Kaunas"]
[Date "2011.08.11"]
[Round "6.36"]
[White "Ola, Nathanial"]
[Black "Voroblievas, Arturas"]
[Result "1-0"]
[WhiteElo "2019"]
[BlackElo "1857"]
[PlyCount "107"]
[EventDate "2011.08.??"]
[EventType "swiss"]
[EventRounds "7"]
[EventCountry "LTU"]
[WhiteTeam "USA"]
[BlackTeam "LTU"]

1. e4 e5 2. Nf3 Nc6 3. Bc4 Nf6 4. d4 exd4 5. O-O Nxe4 6. Re1 d5 7. Bxd5 Qxd5 8.
Nc3 Qa5 9. Nxe4 Be6 10. Neg5 O-O-O 11. Nxe6 fxe6 12. Rxe6 Bd6 13. Bg5 Rde8 14.
Qe2 Kd7 15. Rxe8 Rxe8 16. Qd3 h6 17. Bd2 Qh5 18. Re1 Rxe1+ 19. Bxe1 a6 20. Qe4
Kc8 21. g3 Ne5 22. Nxd4 Qd1 23. Kg2 Kb8 24. Bc3 Qh5 25. h3 g5 26. Nf5 Nc6 27.
Qe6 Qd1 28. Ne3 Qe2 29. Qxh6 Qb5 30. Qe6 Ne7 31. Qc4 Qd7 32. Bf6 Nc6 33. Qg8+
Ka7 34. Qxg5 Qe6 35. a3 Qe4+ 36. Kg1 Qf3 37. Bc3 Qe4 38. Qf5 Qe8 39. Kg2 Ne7
40. Qe4 Qh5 41. b4 Nc6 42. Bd4+ Kb8 43. c3 Ne7 44. c4 Nc6 45. Bf6 Qf7 46. Bc3
Be7 47. Nd5 Bd6 48. a4 Qh5 49. b5 axb5 50. axb5 Na7 51. Nf6 Qd1 52. Nd7+ Ka8
53. Qe8+ Nc8 54. Qxc8+ 1-0

[Event "NATO-ch 22nd"]
[Site "Kaunas"]
[Date "2011.08.11"]
[Round "6.37"]
[White "Adkins, James D"]
[Black "Csizmadia, Csaba"]
[Result "0-1"]
[WhiteElo "2016"]
[BlackElo "1888"]
[PlyCount "120"]
[EventDate "2011.08.??"]
[EventType "swiss"]
[EventRounds "7"]
[EventCountry "LTU"]
[WhiteTeam "USA"]
[BlackTeam "HUN"]

1. f4 Nf6 2. b3 g6 3. Bb2 Bg7 4. e4 d6 5. d3 O-O 6. Nd2 Re8 7. Ngf3 Bg4 8. Be2
c5 9. O-O Nc6 10. h3 Bxf3 11. Nxf3 e6 12. Qe1 Qb6 13. Qf2 Nxe4 14. dxe4 Bxb2
15. Rab1 Bd4 16. Nxd4 Nxd4 17. Bd3 f5 18. exf5 exf5 19. Bc4+ Kg7 20. c3 Nb5 21.
Qb2 Nc7 22. Rbd1 Qc6 23. Be2 d5 24. Bf3 Qd6 25. c4+ d4 26. b4 Rad8 27. bxc5
Qxc5 28. Kh1 b6 29. Bd5 Nxd5 30. cxd5 Qxd5 31. Rf3 Re4 32. Rc1 Rd7 33. h4 Qd6
34. Qd2 Rc7 35. Rd1 Rc4 36. h5 Qc7 37. hxg6 hxg6 38. Rdf1 Rc2 39. Qd1 Rxa2 40.
R1f2 Rxf2 41. Rxf2 Rxf4 42. Rc2 Rf1+ 43. Qxf1 Qxc2 44. Qa1 Qc5 45. Qxa7+ Kh6
46. Qb8 Kh5 47. Kh2 Kg5 48. g3 Kf6 49. Qh8+ Ke6 50. Qe8+ Kd5 51. Qxg6 Ke4 52.
Qe6+ Kd3 53. Qb3+ Ke2 54. Qa2+ Ke3 55. Qe6+ Kd2 56. Kh3 d3 57. Qa2+ Ke1 58.
Qb1+ Ke2 59. Kg2 Qf2+ 60. Kh3 Qf1+ 0-1

[Event "NATO-ch 22nd"]
[Site "Kaunas"]
[Date "2011.08.11"]
[Round "6.38"]
[White "Steffers, Hendrik"]
[Black "De Cat, Ben"]
[Result "1/2-1/2"]
[WhiteElo "1959"]
[BlackElo "1900"]
[PlyCount "66"]
[EventDate "2011.08.??"]
[EventType "swiss"]
[EventRounds "7"]
[EventCountry "LTU"]
[WhiteTeam "NATO"]
[BlackTeam "BEL"]

1. d4 Nf6 2. Nf3 d6 3. Nc3 c6 4. e4 Bg4 5. Be2 Qc7 6. Bf4 Bxf3 7. Bxf3 e5 8.
Be3 Nbd7 9. O-O Be7 10. Ne2 h6 11. c3 g5 12. Ng3 Nf8 13. Nf5 Ng6 14. g3 O-O-O
15. Qb3 Rh7 16. Bg2 Ng4 17. Bd2 h5 18. h3 Nh6 19. Be3 Nxf5 20. exf5 Nf8 21.
dxe5 dxe5 22. Bxa7 Nd7 23. Be3 f6 24. a4 Bc5 25. Qc4 Bxe3 26. fxe3 e4 27. Qxe4
Qxg3 28. Qf3 Qxf3 29. Bxf3 Ne5 30. a5 Rd2 31. b3 g4 32. hxg4 hxg4 33. Bg2 Rhd7
1/2-1/2

[Event "NATO-ch 22nd"]
[Site "Kaunas"]
[Date "2011.08.11"]
[Round "6.39"]
[White "Cohnen, Michael"]
[Black "Adolfssen, Rico"]
[Result "1/2-1/2"]
[WhiteElo "1777"]
[BlackElo "1912"]
[PlyCount "24"]
[EventDate "2011.08.??"]
[EventType "swiss"]
[EventRounds "7"]
[EventCountry "LTU"]
[WhiteTeam "NATO"]
[BlackTeam "DEN"]

1. d4 Nf6 2. c4 e5 3. dxe5 Ng4 4. Bf4 Nc6 5. Nf3 Bb4+ 6. Nbd2 Qe7 7. e3 Ngxe5
8. Nxe5 Nxe5 9. Be2 O-O 10. O-O Bxd2 11. Qxd2 d6 12. Rfd1 Bf5 1/2-1/2

[Event "NATO-ch 22nd"]
[Site "Kaunas"]
[Date "2011.08.11"]
[Round "6.40"]
[White "Ivsek, Cveto"]
[Black "Chwieseni, Edward"]
[Result "1-0"]
[WhiteElo "1823"]
[BlackElo "1960"]
[PlyCount "83"]
[EventDate "2011.08.??"]
[EventType "swiss"]
[EventRounds "7"]
[EventCountry "LTU"]
[WhiteTeam "SLO"]
[BlackTeam "ENG"]

1. d4 g6 2. c4 Bg7 3. Nc3 Nf6 4. Bf4 d6 5. e3 Bf5 6. Nf3 c6 7. Qb3 Qb6 8. Qxb6
axb6 9. Nd2 Nbd7 10. f3 O-O 11. e4 Be6 12. d5 cxd5 13. cxd5 Nxd5 14. exd5 Bxd5
15. Nxd5 Bxb2 16. Rb1 Rxa2 17. Bc4 Ra1 18. Nxe7+ Kg7 19. O-O Rxb1 20. Rxb1 Bd4+
21. Kf1 Ne5 22. Bxe5+ dxe5 23. Nd5 Rd8 24. Ne4 f5 25. Ng5 Rc8 26. Ne6+ Kh6 27.
Ndc7 e4 28. Bd5 Be5 29. Bxb7 Rb8 30. Rxb6 Bxh2 31. f4 Kh5 32. Ke2 Kg4 33. Nd5
Kg3 34. Kf1 Kg4 35. Rb3 Bg3 36. Nf6+ Kh4 37. Nxh7 e3 38. Nhf8 Bf2 39. Nxg6+ Kg3
40. Nd4 Re8 41. Nxf5+ Kh2 42. Ne5 1-0

[Event "NATO-ch 22nd"]
[Site "Kaunas"]
[Date "2011.08.11"]
[Round "6.41"]
[White "Jackson, Andy"]
[Black "Demjen, Attila"]
[Result "0-1"]
[WhiteElo "1840"]
[BlackElo "2032"]
[PlyCount "52"]
[EventDate "2011.08.??"]
[EventType "swiss"]
[EventRounds "7"]
[EventCountry "LTU"]
[WhiteTeam "BEL"]
[BlackTeam "HUN"]

1. e4 c6 2. d4 d5 3. Nc3 dxe4 4. Nxe4 Bf5 5. Ng3 Bg6 6. Nf3 Nd7 7. Bc4 e6 8.
O-O Ngf6 9. Bg5 Be7 10. Nh4 O-O 11. Nxg6 hxg6 12. Re1 Qa5 13. Bxf6 Nxf6 14. Re5
Qb6 15. Ne4 Rad8 16. Nc5 Bxc5 17. Rxc5 Nd7 18. Rg5 Qxb2 19. Rb1 Qc3 20. Qd3
Qxd3 21. Bxd3 b6 22. c3 c5 23. Bb5 cxd4 24. Rd1 dxc3 25. Bxd7 c2 26. Rc1 Rxd7
0-1

[Event "NATO-ch 22nd"]
[Site "Kaunas"]
[Date "2011.08.11"]
[Round "6.42"]
[White "Crapulli, Giuseppe"]
[Black "Stone, Stephen"]
[Result "1-0"]
[WhiteElo "1976"]
[BlackElo "1609"]
[PlyCount "109"]
[EventDate "2011.08.??"]
[EventType "swiss"]
[EventRounds "7"]
[EventCountry "LTU"]
[WhiteTeam "ITA"]
[BlackTeam "CAN"]

1. e4 g6 2. d4 Bg7 3. Nc3 d6 4. g3 Nf6 5. Bg2 O-O 6. Nge2 e5 7. O-O exd4 8.
Nxd4 Bg4 9. f3 Bd7 10. Be3 Re8 11. Qd2 Nc6 12. h3 a6 13. a4 Ne5 14. b3 Qe7 15.
g4 Nc6 16. Rae1 Nxd4 17. Bxd4 c5 18. Bf2 b5 19. axb5 axb5 20. Bg3 Ra6 21. f4 b4
22. Nd1 Bb5 23. Rf2 Nd7 24. Bf1 Bxf1 25. Rfxf1 Nb6 26. Qd3 Ra7 27. Qb5 Bd4+ 28.
Nf2 Na8 29. Kh1 Nc7 30. Qb6 Ne6 31. f5 Ng5 32. Bxd6 Qb7 33. Qxb7 Rxb7 34. Kg2
Bxf2 35. Rxf2 Rxe4 36. Rfe2 gxf5 37. gxf5 Rh4 38. Be7 Rxe7 39. Rxe7 Rxh3 40.
R1e3 Rh4 41. c4 Rg4+ 42. Rg3 Rxg3+ 43. Kxg3 Kg7 44. Rc7 Kf6 45. Kg4 Ne4 46. Kf4
Nd2 47. Rxc5 Nxb3 48. Rb5 Nd4 49. Rb6+ Ke7 50. Rxb4 Kd6 51. Rb6+ Kc5 52. Rf6
Kxc4 53. Rxf7 h5 54. Rh7 Nxf5 55. Kxf5 1-0

[Event "NATO-ch 22nd"]
[Site "Kaunas"]
[Date "2011.08.11"]
[Round "6.43"]
[White "Landry, Guillaume"]
[Black "Cappon, Kaan"]
[Result "1/2-1/2"]
[WhiteElo "1274"]
[BlackElo "1899"]
[PlyCount "39"]
[EventDate "2011.08.??"]
[EventType "swiss"]
[EventRounds "7"]
[EventCountry "LTU"]
[WhiteTeam "CAN"]
[BlackTeam "BEL"]

1. e4 c5 2. Nf3 d6 3. Bc4 Nc6 4. d4 cxd4 5. Nxd4 Nf6 6. Nxc6 bxc6 7. e5 Qa5+ 8.
Nc3 Qxe5+ 9. Be3 d5 10. Bb3 Ng4 11. Qd4 Qxd4 12. Bxd4 e5 13. Nxd5 cxd5 14. Bxd5
Rb8 15. Bxa7 Rxb2 16. Bc6+ Bd7 17. Bxd7+ Kxd7 18. O-O-O+ Kc6 19. Kxb2 Bd6 20.
h3 1/2-1/2

[Event "NATO-ch 22nd"]
[Site "Kaunas"]
[Date "2011.08.11"]
[Round "6.44"]
[White "Ghiacy, Jelani"]
[Black "Ulusoy, Mustafa"]
[Result "1/2-1/2"]
[WhiteElo "1154"]
[BlackElo "1720"]
[PlyCount "90"]
[EventDate "2011.08.??"]
[EventType "swiss"]
[EventRounds "7"]
[EventCountry "LTU"]
[WhiteTeam "CAN"]
[BlackTeam "NATO"]

1. e4 c6 2. Nc3 e6 3. d4 d5 4. e5 Ne7 5. Bd3 Ng6 6. g3 Be7 7. h4 Nd7 8. a3 c5
9. Be3 O-O 10. Nf3 cxd4 11. Bxd4 Bc5 12. Bxc5 Nxc5 13. h5 Nxd3+ 14. Qxd3 Ne7
15. g4 h6 16. O-O-O Bd7 17. Rdg1 f6 18. exf6 gxf6 19. Nh4 Be8 20. Ng6 Bxg6 21.
hxg6 Kg7 22. Qd2 Rh8 23. Rh2 Qe8 24. Ne2 e5 25. Ng3 Qxg6 26. Rgh1 Kf7 27. Nf5
Qg5 28. f4 exf4 29. Rh5 Qg6 30. Qxf4 Nxf5 31. Rxf5 Rae8 32. Rxd5 Qe4 33. Qxe4
Rxe4 34. Rd7+ Re7 35. Rhd1 Rhe8 36. b4 Kg6 37. R7d4 Kg5 38. Kb2 Re4 39. Rd5+
Kxg4 40. Rg1+ Kf4 41. Rf1+ Ke3 42. Rd7 Ke2 43. Rh1 Kf2 44. Rh2+ Kg1 45. Rdd2 f5
{remaining moves unreadable} 1/2-1/2